00878nam a2200253 a 450000100100000000500170001000800410002702000150006804000250008304100390010808200130014710000300016024000220019024500780021225000110029026000350030130000280033653400400036450400300040470000470043404900090048195201170049099900170060700002428320200930022856.0110125s1977 sp a 000 0 spa d a8423953254 aDO-SdBNPbspacBNPHU17aspahfre2Código de idiomas MARC ann*bnn*1 aGauthier, André.94984710aLiszt.lEspañol10aLiszt /cAndré Gauthier ; traducción de Felipe Ximénez de Sandoval. a2a ed. aMadrid :bEspasa-Calpe,c1977. a115 p. :bil. ;c18 cm. aTraducción del francés :tLiszt aBibliografía : [119] p.1 aXiménez de Sandoval, Felipe,etr.919335 aBNGR 001054708MOaGRbGRcCTd2011-01-25iLF1l0onn* nn*p24283-10r2020-06-25w2020-06-25y4ZPréstamo en sala c23777d23777